Deutschland Bundesländer Hauptstadt Quiz - Statistiken

Allgemein
  • Dieses Quiz wurde 205 mal gespielt
  • Das Durchschnittsergebnis liegt bei 14 aus 16
Antwortstatistiken
Bundesländer Hauptstadt % Korrekt
Berlin Berlin
100%
Bremen Bremen
100%
Hamburg Hamburg
100%
Bayern München
100%
Baden-Württemberg Stuttgart
94%
Sachsen Dresden
92%
Nordrhein-Westfalen Düsseldorf
92%
Schleswig Holstein Kiel
91%
Saarland Saarbrücken
90%
Niedersachsen Hannover
88%
Thüringen Erfurt
86%
Brandenburg Potsdam
86%
Mecklenburg-Vorpommern Schwerin
84%
Rheinland-Pfalz Mainz
82%
Hessen Wiesbaden
78%
Sachsen-Anhalt Magdeburg
76%
Keine übereinstimmenden Quizze gefunden
Verteilung der Resultate
Anzahl Personen mit jedem Resultat
Perzentil nach korrekt beantworteten Fragen
Ihre Resultats-Entwicklung
Sie haben dieses Quiz noch nicht gespielt